Normal view
MARC view
Entry Personal Name
001 - CONTROL NUMBER
- control field: 43208
003 - CONTROL NUMBER IDENTIFIER
- control field: dpl
005 - DATE AND TIME OF LATEST TRANSACTION
- control field: 20120229114922.0
008 - FIXED-LENGTH DATA ELEMENTS
- fixed length control field: 120229|||a|||||| | ||| d
040 ## - CATALOGING SOURCE
- Original cataloging agency: dpl
- Transcribing agency: dpl
100 ## - HEADING--PERSONAL NAME
- Personal name: Bose,Sisir Kumar
670 ## - SOURCE DATA FOUND
- Source citation: Work cat.: (dpl)63590: Bose,Sisir Kumar, Netaji Subhash Chandra Bose, 2010(Rept).
670 ## - SOURCE DATA FOUND
- Source citation: Work cat.: (dpl)63590: Bose,Sisir Kumar, Netaji Subhash Chandra Bose, 2010(Rept).
